01002nam a2200253 i 4500001000300000003000400003005001700007008004100024020002500065040001400090080001200104080001200116080001000128110005200138245018200190260005300372300002100425610004300446650004700489655002600536700004400562700004400606856009800650bgBPK20220324134918.0001120s1999 pl |000 0 pol  a839070885Xz9070885X aWA NcBPK a624.131 a929-052 a(038)2 aPolski Komitet GeotechnikieInstytucja sprawcza10aKto jest kim w geotechnice w Polsce :binformator biograficzny /c[oprac. Oddziały Regionalne Polskiego Komitetu Geotechnicznego ; red. Eugeniusz Dembicki, Zbigniew Młynarek]. aWarszawa :bPolski Komitet Geotechniczny,c1999. a251 s. ;c20 cm.24aPolski Komitet Geotechnikixbiografie. 4aGeologia inżynierskaxbiografiezPolska. 4aSłownik biograficzny1 aMłynarek, Zbigniewd(1939- )eRedakcja1 aDembicki, Eugeniuszd(1929- )eRedakcja uhttp://koha.tu.koszalin.pl/cgi-bin/koha/opac-detail.pl?biblionumber=39267yKatalog online BPK